Statistics for Formula 1 Podiums in 2020

Click here to take the quiz!

General Stats

  • This quiz has been taken 660 times
  • The average score is 50 of 51

Answer Stats

GPDriver% Correct
Abu DhabiLewis Hamilton
100%
BahrainLewis Hamilton
100%
EifelLewis Hamilton
100%
TuscanLewis Hamilton
100%
PortugueseLewis Hamilton
100%
Emilia RomagnaLewis Hamilton
100%
BelgianLewis Hamilton
100%
SpanishLewis Hamilton
100%
70th AnniversaryLewis Hamilton
100%
TurkishLewis Hamilton
100%
RussianLewis Hamilton
100%
HungarianLewis Hamilton
100%
StyrianLewis Hamilton
100%
BritishLewis Hamilton
100%
EifelMax Verstappen
100%
Abu DhabiMax Verstappen
100%
PortugueseMax Verstappen
100%
BelgianMax Verstappen
100%
BritishMax Verstappen
100%
SpanishMax Verstappen
100%
HungarianMax Verstappen
100%
RussianMax Verstappen
100%
BahrainMax Verstappen
100%
70th AnniversaryMax Verstappen
100%
StyrianMax Verstappen
100%
Emilia RomagnaValtteri Bottas
99%
PortugueseValtteri Bottas
99%
Abu DhabiValtteri Bottas
99%
AustrianValtteri Bottas
99%
RussianValtteri Bottas
99%
BelgianValtteri Bottas
99%
StyrianValtteri Bottas
99%
HungarianValtteri Bottas
99%
70th AnniversaryValtteri Bottas
99%
SpanishValtteri Bottas
99%
TuscanValtteri Bottas
99%
AustrianCharles Leclerc
98%
BritishCharles Leclerc
98%
AustrianLando Norris
98%
ItalianPierre Gasly
98%
TurkishSebastian Vettel
98%
SakhirSergio Pérez
98%
TurkishSergio Pérez
98%
ItalianCarlos Sainz
97%
Emilia RomagnaDaniel Ricciardo
96%
EifelDaniel Ricciardo
96%
SakhirEsteban Ocon
95%
ItalianLance Stroll
93%
SakhirLance Stroll
93%
TuscanAlexander Albon
89%
BahrainAlexander Albon
89%

Score Distribution

Percentile by Number Answered

Percent of People with Each Score

Your Score History

You have not taken this quiz